The Merchant of Venice / (Record no. 2824)
[ view plain ]
| 000 -LEADER | |
|---|---|
| fixed length control field | 00674nam a2200229Ia 4500 |
| 001 - CONTROL NUMBER | |
| control field | 2831 |
| 008 - FIXED-LENGTH DATA ELEMENTS--GENERAL INFORMATION | |
| fixed length control field | 190410s1998 ii a g b000 u 465 u |
| 020 ## - INTERNATIONAL STANDARD BOOK NUMBER | |
| International Standard Book Number | 0-333-66898-7 |
| 082 ## - DEWEY DECIMAL CLASSIFICATION NUMBER | |
| Classification number | 822.3309 |
| 100 ## - MAIN ENTRY--PERSONAL NAME | |
| Personal name | Shakespeare, William ., |
| Relator term | Author. |
| 245 #0 - TITLE STATEMENT | |
| Title | The Merchant of Venice / |
| Statement of responsibility, etc. | William Shakespeare. |
| Medium | Textual Documents |
| 250 ## - EDITION STATEMENT | |
| Edition statement | 1st ed. / |
| 260 ## - PUBLICATION, DISTRIBUTION, ETC. | |
| Place of publication, distribution, etc. | London : |
| Name of publisher, distributor, etc. | Palgrave macmillan , |
| Date of publication, distribution, etc. | 1998. |
| 300 ## - PHYSICAL DESCRIPTION | |
| Extent | 248p : |
| Other physical details | ill ; |
| Dimensions | 18cm . |
| 500 ## - GENERAL NOTE | |
| General note | ed. by Martin Coyle |
| 653 ## - INDEX TERM--UNCONTROLLED | |
| Uncontrolled term | English essays-Criitcism |
| 653 ## - INDEX TERM--UNCONTROLLED | |
| Uncontrolled term | English drama-Criticism |
| 653 ## - INDEX TERM--UNCONTROLLED | |
| Uncontrolled term | PG-English |
| 653 ## - INDEX TERM--UNCONTROLLED | |
| Uncontrolled term | Shakespeare, William-Criticism |
| 700 ## - ADDED ENTRY--PERSONAL NAME | |
| Personal name | Colye, Martin . |
| 942 ## - ADDED ENTRY ELEMENTS (KOHA) | |
| Source of classification or shelving scheme | Dewey Decimal Classification |
| Koha item type | Books |
| Withdrawn status | Lost status | Damaged status | Not for loan | Collection | Home library | Current library | Shelving location | Date acquired | Coded location qualifier | Total checkouts | Full call number | Barcode | Date last seen | Copy number | Price effective from | Koha item type |
|---|---|---|---|---|---|---|---|---|---|---|---|---|---|---|---|---|
| Dr. Suryya Kumar Bhuyan Library | Dr. Suryya Kumar Bhuyan Library | 01/02/2012 | 00000 | 822.3309 Sh 11 Me | 562/Eng | 13/01/2024 | 2 | 01/02/2012 | Books | |||||||
| Dr. Suryya Kumar Bhuyan Library | Dr. Suryya Kumar Bhuyan Library | 01/02/2012 | 00000 | 822.3309 Sh 11 Me | 475/Cu | 13/01/2024 | 3 | 01/02/2012 | Books | |||||||
| Dr. Suryya Kumar Bhuyan Library | Dr. Suryya Kumar Bhuyan Library | 01/02/2012 | 00000 | 822.3309 Sh 11 Me | 562 / Eng | 13/01/2024 | 1 | 01/02/2012 | Books |
